[Event "CAN-op"]
[Site "Toronto CAN"]
[Date "2010.07.14"]
[Round "5"]
[White "Puri, Vinny"]
[Black "Gagunashvili, Merab"]
[Result "0-1"]
[WhiteElo "2326"]
[BlackElo "2592"]
[PlyCount "88"]
[EventDate "2010.07.10"]
[EventType "swiss"]
[EventRounds "9"]
[EventCountry "CAN"]

1. d4 d5 2. c4 c6 3. Nf3 Nf6 4. Nc3 dxc4 5. a4 Bf5 6. Ne5 Nbd7 7. Nxc4 Qc7 8.
g3 e5 9. dxe5 Nxe5 10. Bf4 Nfd7 11. Bg2 f6 12. Nxe5 fxe5 13. Be3 Nc5 14. Bxc5
Bxc5 15. Qb3 Qb6 16. Qxb6 axb6 17. O-O Ke7 18. Be4 Be6 19. Bc2 h6 20. Rfd1 Rhd8
21. Kg2 Rd4 22. e3 Rxd1 23. Rxd1 Bb4 24. Rd2 b5 25. axb5 Bxc3 26. bxc3 Ra2 27.
bxc6 bxc6 28. Kf3 Bb3 29. Bxb3 Rxd2 30. Bg8 Kf6 31. h4 h5 32. Bh7 g6 33. Bg8
Rd3 34. Ke4 Rxc3 35. f4 Rc5 36. Bb3 Rb5 37. Bc4 Ra5 38. Bb3 exf4 39. gxf4 Ra1
40. Kd4 Rh1 41. Bc2 Rxh4 42. Be4 g5 43. f5 Rxe4+ 44. Kxe4 h4 0-1

[Event "CAN-op"]
[Site "Toronto CAN"]
[Date "2010.07.14"]
[Round "5"]
[White "Rozentalis, Eduardas"]
[Black "Pechenkin, Vladimir"]
[Result "1/2-1/2"]
[WhiteElo "2607"]
[BlackElo "2432"]
[PlyCount "77"]
[EventDate "2010.07.10"]
[EventType "swiss"]
[EventRounds "9"]
[EventCountry "CAN"]

1. e4 Nf6 2. e5 Nd5 3. d4 d6 4. c4 Nb6 5. exd6 exd6 6. Nc3 Nc6 7. Be3 Be7 8. h3
O-O 9. Nf3 Re8 10. Be2 Bf6 11. O-O Bf5 12. Rc1 h6 13. b3 d5 14. c5 Nc8 15. b4
a6 16. Qb3 N8e7 17. Rfd1 Be6 18. Bd3 g5 19. a4 a5 20. b5 Nb4 21. Be2 Nf5 22.
Nh2 Nxe3 23. fxe3 Bg7 24. Bf3 c6 25. Rd2 Bf5 26. Na2 Nxa2 27. Rxa2 Qe7 28. Nf1
Bg6 29. Qd1 f5 30. Bh5 Bxh5 31. Qxh5 Qf6 32. Rf2 f4 33. Rd1 Re4 34. Nh2 Qe6 35.
exf4 gxf4 36. Nf3 Rf8 37. bxc6 bxc6 38. Rb2 Rxd4 39. Nxd4 1/2-1/2

[Event "CAN-op"]
[Site "Toronto CAN"]
[Date "2010.07.14"]
[Round "5"]
[White "Sapozhnikov, Roman"]
[Black "Dowling, Bruce"]
[Result "1-0"]
[WhiteElo "2434"]
[BlackElo "1796"]
[PlyCount "45"]
[EventDate "2010.07.10"]
[EventType "swiss"]
[EventRounds "9"]
[EventCountry "CAN"]

1. e4 e6 2. d4 d5 3. Nc3 dxe4 4. Nxe4 Bd7 5. Nf3 Bc6 6. Bd3 Nd7 7. O-O Ngf6 8.
Ng3 Be7 9. Re1 O-O 10. c3 Re8 11. Bf4 Nf8 12. Ne5 Bd7 13. Qf3 c6 14. h4 Nd5 15.
Nxf7 Qc8 16. Bg5 b5 17. Ne5 Bf6 18. Ne4 Bxe5 19. dxe5 Ng6 20. Nd6 Nxe5 21. Rxe5
Qc7 22. Qf7+ Kh8 23. Qh5 1-0

[Event "CAN-op"]
[Site "Toronto CAN"]
[Date "2010.07.14"]
[Round "5"]
[White "Scott, Matthew"]
[Black "Zaczek, Jonathan"]
[Result "0-1"]
[WhiteElo "1506"]
[BlackElo "2179"]
[PlyCount "32"]
[EventDate "2010.07.10"]
[EventType "swiss"]
[EventRounds "9"]
[EventCountry "CAN"]

1. c4 Nf6 2. Nc3 c5 3. Nf3 Nc6 4. g3 g6 5. Bg2 Bg7 6. d3 O-O 7. Bg5 h6 8. Bd2
d6 9. Qc1 Kh7 10. a3 a5 11. Nb5 a4 12. Bc3 Na5 13. Nd2 Bd7 14. b4 axb3 15. Bxa5
Qxa5 16. O-O b2 0-1

[Event "CAN-op"]
[Site "Toronto CAN"]
[Date "2010.07.14"]
[Round "5"]
[White "Sohal, Tanraj"]
[Black "Moran-Venegas, Mario"]
[Result "1-0"]
[WhiteElo "2094"]
[BlackElo "1704"]
[PlyCount "91"]
[EventDate "2010.07.10"]
[EventType "swiss"]
[EventRounds "9"]
[EventCountry "CAN"]

1. d4 Nf6 2. c4 g6 3. Nc3 d5 4. cxd5 Nxd5 5. e4 Nxc3 6. bxc3 Bg7 7. Bc4 c5 8.
Ne2 O-O 9. O-O Nc6 10. Be3 Na5 11. Bd3 cxd4 12. cxd4 Be6 13. f4 Bg4 14. Rb1 Nc6
15. d5 Na5 16. h3 Bc8 17. Bd2 f5 18. Qa4 b6 19. Bxa5 bxa5 20. e5 Be6 21. Nc3
Bxd5 22. Nxd5 e6 23. Bc4 exd5 24. Rfd1 Kh8 25. Bxd5 Rb8 26. Rxb8 Qxb8 27. Qxa5
Rd8 28. Qd2 Bf8 29. Kh1 Qb5 30. e6 Be7 31. Qd4+ Kg8 32. Qxa7 Rxd5 33. Rxd5 Qf1+
34. Qg1 Qxf4 35. Qd1 Bf6 36. e7 Bxe7 37. Rd7 Kf8 38. Qd4 Qh6 39. Qe5 Qg5 40.
Qh8+ Kf7 41. Qxh7+ Ke6 42. Qxe7+ Qxe7 43. Rxe7+ Kxe7 44. Kh2 Ke6 45. h4 f4 46.
Kh3 1-0

[Event "CAN-op"]
[Site "Toronto CAN"]
[Date "2010.07.14"]
[Round "5"]
[White "Verde, Pino"]
[Black "Haessel, Dale"]
[Result "0-1"]
[WhiteElo "1800"]
[BlackElo "2316"]
[PlyCount "56"]
[EventDate "2010.07.10"]
[EventType "swiss"]
[EventRounds "9"]
[EventCountry "CAN"]

1. e4 e5 2. Nf3 Nf6 3. Nc3 Bb4 4. Nd5 Nxd5 5. exd5 e4 6. Qe2 O-O 7. Ne5 d6 8.
Nc4 c6 9. a3 Bc5 10. Ne3 Nd7 11. Qc4 Re8 12. b4 Nb6 13. Qb3 Bxe3 14. dxe3 Nxd5
15. Bb2 Be6 16. c4 Nf6 17. O-O-O b5 18. Be5 Bxc4 19. Bxc4 bxc4 20. Bxf6 Qxf6
21. Qxc4 d5 22. Qa2 a5 23. Rd4 Reb8 24. bxa5 Rxa5 25. a4 h6 26. Rd2 Rb4 27. Rd4
Rc5+ 28. Kd1 Rxd4+ 0-1

[Event "CAN-op"]
[Site "Toronto CAN"]
[Date "2010.07.14"]
[Round "5"]
[White "Walton, Alan"]
[Black "George, William"]
[Result "1-0"]
[WhiteElo "2152"]
[BlackElo "1757"]
[PlyCount "63"]
[EventDate "2010.07.10"]
[EventType "swiss"]
[EventRounds "9"]
[EventCountry "CAN"]

1. d4 e6 2. e4 d5 3. e5 c5 4. c3 Nc6 5. Nf3 Qb6 6. a3 a5 7. Bd3 Bd7 8. O-O cxd4
9. cxd4 Nxd4 10. Nxd4 Qxd4 11. Nc3 Qxe5 12. Re1 Qb8 13. Nxd5 b5 14. Qf3 Bd6 15.
Nb6 Ra7 16. Nxd7 Rxd7 17. h4 Ne7 18. Qe4 Qb7 19. Qe2 b4 20. Be4 Qb8 21. Qh5
bxa3 22. bxa3 Bc7 23. Rb1 Qd8 24. Bb2 g6 25. Qh6 Rg8 26. Bf6 Nf5 27. Qg5 Ne7
28. Bc6 Kf8 29. Qh6+ Ke8 30. Rbd1 Nf5 31. Qg5 Bh2+ 32. Kh1 1-0

[Event "CAN-op"]
[Site "Toronto CAN"]
[Date "2010.07.14"]
[Round "6"]
[White "Abrahams, Daniel"]
[Black "Puri, Vinny"]
[Result "0-1"]
[WhiteElo "2093"]
[BlackElo "2326"]
[PlyCount "26"]
[EventDate "2010.07.10"]
[EventType "swiss"]
[EventRounds "9"]
[EventCountry "CAN"]

1. e4 e5 2. Nf3 Nc6 3. Bb5 f5 4. d3 fxe4 5. dxe4 Nf6 6. O-O Bc5 7. Qd3 d6 8.
Qc4 Qe7 9. Nc3 a6 10. Ba4 b5 11. Nxb5 axb5 12. Bxb5 Bd7 13. b4 Nxb4 0-1

[Event "CAN-op"]
[Site "Toronto CAN"]
[Date "2010.07.14"]
[Round "6"]
[White "Andrade, Isaac"]
[Black "Drkulec, Vladimir"]
[Result "0-1"]
[WhiteElo "1354"]
[BlackElo "2038"]
[PlyCount "99"]
[EventDate "2010.07.10"]
[EventType "swiss"]
[EventRounds "9"]
[EventCountry "CAN"]

1. e4 e5 2. Nf3 Nc6 3. Bc4 Bc5 4. c3 Nf6 5. d4 exd4 6. cxd4 Bb4+ 7. Bd2 Bxd2+
8. Nbxd2 d5 9. Bd3 dxe4 10. Nxe4 O-O 11. O-O Bg4 12. Qb1 h6 13. Ne5 Nxe5 14.
dxe5 Nd5 15. a3 Nf4 16. f3 Qd4+ 17. Kh1 Nxd3 18. Rd1 Bxf3 19. Rxd3 Bxg2+ 20.
Kxg2 Qxe4+ 21. Kg1 Qxe5 22. Qc2 Rad8 23. Rg3 Rfe8 24. Rf1 Qd4+ 25. Kh1 Qe4+ 26.
Qxe4 Rxe4 27. Rfg1 g6 28. Rh3 Kg7 29. Rhg3 Rd2 30. b4 Ree2 31. R3g2 Rxg2 32.
Rxg2 Rxg2 33. Kxg2 Kf6 34. Kf3 Ke5 35. Ke3 f5 36. h3 g5 37. Kf3 c6 38. a4 b6
39. Kg3 c5 40. bxc5 bxc5 41. a5 c4 42. a6 c3 43. h4 c2 44. h5 c1=Q 45. Kg2 Qd2+
46. Kg3 Qf4+ 47. Kh3 Qg4+ 48. Kh2 f4 49. Kh1 f3 50. Kh2 0-1

[Event "CAN-op"]
[Site "Toronto CAN"]
[Date "2010.07.14"]
[Round "6"]
[White "Bekefi, Laszlo"]
[Black "Rozentalis, Eduardas"]
[Result "0-1"]
[WhiteElo "2376"]
[BlackElo "2607"]
[PlyCount "48"]
[EventDate "2010.07.10"]
[EventType "swiss"]
[EventRounds "9"]
[EventCountry "CAN"]

1. e4 g6 2. d4 Bg7 3. Nc3 c6 4. Nf3 d5 5. h3 Nh6 6. Bf4 f6 7. Qd2 Nf7 8. exd5
cxd5 9. Nb5 e5 10. dxe5 fxe5 11. Bg3 O-O 12. Nc3 Be6 13. Bh4 Qa5 14. Ng5 Bh6
15. f4 Bxg5 16. fxg5 Nc6 17. Bf2 Nd6 18. Nd1 Qxd2+ 19. Kxd2 Ne4+ 20. Ke1 Nb4
21. Rc1 Nxa2 22. Rb1 Nb4 23. Rc1 Rac8 24. c3 d4 0-1

[Event "CAN-op"]
[Site "Toronto CAN"]
[Date "2010.07.15"]
[Round "6"]
[White "Casareno, Erwin"]
[Black "Verde, Pino"]
[Result "1-0"]
[WhiteElo "2105"]
[BlackElo "1800"]
[PlyCount "81"]
[EventDate "2010.07.10"]
[EventType "swiss"]
[EventRounds "9"]
[EventCountry "CAN"]

1. e4 d6 2. d4 Nf6 3. Nc3 Nbd7 4. f4 e5 5. Nf3 Be7 6. fxe5 dxe5 7. dxe5 Ng4 8.
Bf4 c6 9. h3 g5 10. Nxg5 Bxg5 11. Qxg4 Bxf4 12. Qxf4 Qe7 13. Bc4 Nxe5 14. Bb3
Ng6 15. Qf2 Be6 16. O-O-O Qg5+ 17. Kb1 Bxb3 18. axb3 b5 19. h4 Qe7 20. h5 Ne5
21. Ne2 Rg8 22. Nd4 Qc5 23. Rhf1 O-O-O 24. b4 Qe7 25. Nf5 Rxd1+ 26. Rxd1 Qc7
27. Qc5 Nd7 28. Rxd7 Kxd7 29. Nh6 Rxg2 30. Nxf7 Kc8 31. Qf8+ Kb7 32. Nd6+ Ka6
33. e5 Rg4 34. c3 Rg7 35. Ka2 Re7 36. Qh8 c5 37. Qf6 Qd7 38. Ne4+ Qe6+ 39.
Qxe6+ Rxe6 40. Nxc5+ Kb6 41. Nxe6 1-0

[Event "CAN-op"]
[Site "Toronto CAN"]
[Date "2010.07.15"]
[Round "6"]
[White "Doubleday, William"]
[Black "Armstrong, Robert J"]
[Result "1-0"]
[WhiteElo "2206"]
[BlackElo "1800"]
[PlyCount "35"]
[EventDate "2010.07.10"]
[EventType "swiss"]
[EventRounds "9"]
[EventCountry "CAN"]

1. d4 g6 2. c4 Bg7 3. Nc3 Nf6 4. e4 d6 5. Be2 O-O 6. Nf3 Nc6 7. d5 Nb4 8. h3 c6
9. O-O Na6 10. Re1 Nc5 11. Bf1 e5 12. b4 Ncd7 13. dxc6 Nb6 14. c5 bxc6 15. cxb6
axb6 16. Bb2 Nh5 17. b5 cxb5 18. Nxb5 1-0

[Event "CAN-op"]
[Site "Toronto CAN"]
[Date "2010.07.14"]
[Round "6"]
[White "Dudkin, Maxim"]
[Black "Cheng, Bindi"]
[Result "0-1"]
[WhiteElo "2108"]
[BlackElo "2426"]
[PlyCount "92"]
[EventDate "2010.07.10"]
[EventType "swiss"]
[EventRounds "9"]
[EventCountry "CAN"]

1. Nf3 Nf6 2. g3 d5 3. Bg2 c6 4. d4 Bf5 5. O-O h6 6. c4 e6 7. Qb3 Qb6 8. Qxb6
axb6 9. cxd5 exd5 10. Bf4 Nbd7 11. Nc3 b5 12. a3 g5 13. Bc7 Be7 14. h3 O-O 15.
g4 Bh7 16. Ne5 Rfc8 17. Nxd7 Nxd7 18. Bg3 Nb6 19. e4 dxe4 20. Bxe4 Bxe4 21.
Nxe4 Nc4 22. Rab1 Rd8 23. Rfd1 Kg7 24. f3 Rd7 25. Nc5 Rxd4 26. Nxb7 Bf6 27. b3
Nd2 28. Bf2 Rd5 29. Rbc1 Rxa3 30. Kg2 Nxb3 31. Rxd5 Nxc1 32. Rd7 Rd3 33. Nd6
Kg8 34. Ne4 Be5 35. Re7 Rd5 36. Bc5 Nd3 37. Re8+ Kh7 38. Be7 Bg7 39. Nf6+ Bxf6
40. Bxf6 b4 41. Ba1 f6 42. Bxf6 b3 43. Re7+ Kg8 44. Rb7 Rb5 45. Rg7+ Kf8 46.
Rc7 b2 0-1

[Event "CAN-op"]
[Site "Toronto CAN"]
[Date "2010.07.14"]
[Round "6"]
[White "Fan, Brendan"]
[Black "Ashton, Adam"]
[Result "0-1"]
[WhiteElo "2015"]
[BlackElo "2316"]
[PlyCount "58"]
[EventDate "2010.07.10"]
[EventType "swiss"]
[EventRounds "9"]
[EventCountry "CAN"]

1. e4 e5 2. Nf3 Nc6 3. Nc3 Nf6 4. d4 exd4 5. Nxd4 Bb4 6. Nxc6 bxc6 7. Bd3 d5 8.
exd5 cxd5 9. O-O O-O 10. Bg5 c6 11. Na4 h6 12. Bh4 Re8 13. c4 Bd6 14. c5 Be5
15. f4 Bd4+ 16. Kh1 Bg4 17. Qc2 Qd7 18. Bxf6 Bxf6 19. f5 Re3 20. h3 Bh5 21.
Rae1 Rae8 22. Rxe3 Rxe3 23. Ba6 Qe7 24. b4 Be2 25. Bxe2 Rxe2 26. Qd3 Rxa2 27.
Qb3 Qe2 28. Rg1 Bd4 29. Nc3 Qf2 0-1

[Event "CAN-op"]
[Site "Toronto CAN"]
[Date "2010.07.15"]
[Round "6"]
[White "Filipovich, David"]
[Black "Armstrong, Robert J"]
[Result "1-0"]
[WhiteElo "2218"]
[BlackElo "1800"]
[PlyCount "51"]
[EventDate "2010.07.10"]
[EventType "swiss"]
[EventRounds "9"]
[EventCountry "CAN"]

1. Nf3 g6 2. g3 Bg7 3. Bg2 Nf6 4. O-O O-O 5. d4 d6 6. c4 Nc6 7. Nc3 e5 8. d5
Ne7 9. c5 Nd7 10. cxd6 cxd6 11. e4 h6 12. Nd2 f5 13. Nc4 Nb6 14. b3 f4 15. Ba3
Nxc4 16. bxc4 a6 17. c5 Qa5 18. Qb3 f3 19. Bh1 Bh3 20. cxd6 Nxd5 21. Nxd5 Kh7
22. Bb4 Qd8 23. Nc7 Rb8 24. Ne6 Bxe6 25. Qxe6 Rf4 26. gxf4 1-0

[Event "CAN-op"]
[Site "Toronto CAN"]
[Date "2010.07.14"]
[Round "6"]
[White "Gerzhoy, Leonid"]
[Black "Mulyar, Michael"]
[Result "1-0"]
[WhiteElo "2630"]
[BlackElo "2380"]
[PlyCount "119"]
[EventDate "2010.07.10"]
[EventType "swiss"]
[EventRounds "9"]
[EventCountry "CAN"]

1. c4 e5 2. Nc3 Nc6 3. g3 g6 4. Bg2 Bg7 5. e3 d6 6. Nge2 Nge7 7. d3 O-O 8. O-O
f5 9. Rb1 a5 10. a3 Be6 11. Nd5 Qd7 12. Nxe7+ Qxe7 13. b4 axb4 14. axb4 Nd8 15.
b5 c6 16. bxc6 bxc6 17. Bb2 Qd7 18. Qc2 Nf7 19. d4 e4 20. Nf4 d5 21. Bc3 Rfc8
22. Nxe6 Qxe6 23. Bb4 Qd7 24. Rb3 Ng5 25. Rfb1 h6 26. Bc5 Ne6 27. Rb7 Rc7 28.
Rxc7 Qxc7 29. Bb6 Qd6 30. c5 Qd7 31. Qd1 Bf6 32. Ra1 Qb7 33. Bf1 Kf7 34. Ra4
Bd8 35. Rb4 Qd7 36. Qb3 g5 37. Ra4 Rb8 38. Ra6 Rb7 39. Qa4 g4 40. Qa5 Nc7 41.
Ra7 Rxa7 42. Qxa7 Qc8 43. Bxc7 Qxc7 44. Qxc7+ Bxc7 45. Ba6 Ke7 46. Bc8 f4 47.
gxf4 h5 48. Bf5 Ba5 49. Bg6 h4 50. Bf5 Bd2 51. Bxg4 Bc3 52. h3 Ba5 53. Bd1 Kd7
54. Ba4 Bd8 55. Kg2 Bf6 56. f3 exf3+ 57. Kxf3 Bd8 58. e4 dxe4+ 59. Kxe4 Be7 60.
Kf5 1-0

[Event "CAN-op"]
[Site "Toronto CAN"]
[Date "2010.07.14"]
[Round "6"]
[White "Haessel, Dale"]
[Black "Malaniuk, Vladimir"]
[Result "0-1"]
[WhiteElo "2316"]
[BlackElo "2551"]
[PlyCount "68"]
[EventDate "2010.07.10"]
[EventType "swiss"]
[EventRounds "9"]
[EventCountry "CAN"]

1. d4 f5 2. g3 Nf6 3. Bg2 g6 4. Nf3 Bg7 5. O-O O-O 6. b3 d6 7. Bb2 Qe8 8. c4
Na6 9. Nbd2 c5 10. Qc2 Bd7 11. a3 Rb8 12. Rfe1 cxd4 13. Bxd4 b6 14. e4 e5 15.
exf5 Bxf5 16. Qa2 Qd7 17. Bc3 Nc5 18. Ng5 h6 19. Nge4 Nfxe4 20. Nxe4 Nxe4 21.
Bxe4 Bxe4 22. Rxe4 Rf3 23. Re3 Rxe3 24. fxe3 d5 25. Rd1 d4 26. exd4 exd4 27.
Qd2 Re8 28. Bb2 Qe6 29. Qf2 Qg4 30. Re1 Re3 31. b4 Qe4 32. Rf1 Re2 33. Qf7+ Kh7
34. Rf2 Qb1+ 0-1

[Event "CAN-op"]
[Site "Toronto CAN"]
[Date "2010.07.14"]
[Round "6"]
[White "Hambleton, Aman"]
[Black "Friedel, Joshua"]
[Result "1-0"]
[WhiteElo "2315"]
[BlackElo "2586"]
[PlyCount "41"]
[EventDate "2010.07.10"]
[EventType "swiss"]
[EventRounds "9"]
[EventCountry "CAN"]

1. d4 Nf6 2. c4 e6 3. Nc3 Bb4 4. Qc2 O-O 5. a3 Bxc3+ 6. Qxc3 d5 7. Bg5 h6 8.
Bh4 c5 9. dxc5 g5 10. Bg3 Ne4 11. Qc2 Na6 12. O-O-O Naxc5 13. f3 Bd7 14. b3
dxc4 15. b4 Nb3+ 16. Kb1 Ned2+ 17. Ka2 Ba4 18. Be5 a5 19. h4 axb4 20. hxg5 Qd5
21. Qh7+ 1-0

[Event "CAN-op"]
[Site "Toronto CAN"]
[Date "2010.07.14"]
[Round "6"]
[White "Itkin, David"]
[Black "Filipovich, David"]
[Result "1-0"]
[WhiteElo "1966"]
[BlackElo "2218"]
[PlyCount "77"]
[EventDate "2010.07.10"]
[EventType "swiss"]
[EventRounds "9"]
[EventCountry "CAN"]

1. e4 g6 2. d4 Bg7 3. Nf3 d6 4. Nc3 Nf6 5. Be3 c6 6. Qd2 b5 7. Bd3 Bg4 8. Nh4
O-O 9. h3 Bc8 10. O-O Bb7 11. f4 b4 12. Ne2 c5 13. Ng3 cxd4 14. Bxd4 Nc6 15.
Be3 e5 16. f5 d5 17. fxg6 dxe4 18. gxf7+ Kh8 19. Bc4 Na5 20. Qxb4 Nxc4 21. Qxc4
Nd5 22. Nhf5 Nxe3 23. Nxe3 Qb6 24. Qb3 Bh6 25. Qxb6 axb6 26. Ngf5 Bf4 27. g3
Ba6 28. gxf4 Bxf1 29. Rxf1 Rxf7 30. fxe5 Rg8+ 31. Kh1 Rgf8 32. e6 Rf6 33. e7
Re8 34. Ng4 Rf7 35. Ngh6 Rf6 36. Rd1 Rc6 37. Rd8 Rc8 38. Rxc8 Rxc8 39. Nd6 1-0

[Event "CAN-op"]
[Site "Toronto CAN"]
[Date "2010.07.14"]
[Round "6"]
[White "McCleary, Reuben"]
[Black "Rotaru, Dan"]
[Result "1-0"]
[WhiteElo "1597"]
[BlackElo "1900"]
[PlyCount "91"]
[EventDate "2010.07.10"]
[EventType "swiss"]
[EventRounds "9"]
[EventCountry "CAN"]

1. e4 c6 2. d4 d5 3. e5 c5 4. Nf3 cxd4 5. Nxd4 e6 6. Bd3 Ne7 7. O-O Nbc6 8.
Nxc6 Nxc6 9. f4 Bc5+ 10. Kh1 Bd7 11. Nc3 a6 12. Bd2 h5 13. Qf3 Bf8 14. Rae1 Nb4
15. f5 Nxd3 16. fxe6 Bxe6 17. cxd3 Qd7 18. d4 O-O-O 19. Rc1 Kb8 20. h3 Be7 21.
Ne2 g5 22. Ba5 g4 23. Qb3 Rc8 24. Nf4 gxh3 25. gxh3 Bg5 26. Rxc8+ Rxc8 27. Nxe6
Qxe6 28. Qg3 Be7 29. Qd3 Ka8 30. Qf5 h4 31. Bc3 Rf8 32. Qxe6 fxe6 33. Rxf8+
Bxf8 34. Kg2 Kb8 35. Kf3 Kc8 36. Kg4 Be7 37. Be1 Kd8 38. Bxh4 Bxh4 39. Kxh4 Ke8
40. Kg5 Kf7 41. h4 b5 42. h5 a5 43. h6 b4 44. h7 Kg7 45. h8=Q+ Kxh8 46. Kf6 1-0

[Event "CAN-op"]
[Site "Toronto CAN"]
[Date "2010.07.14"]
[Round "6"]
[White "Mo, Kevin"]
[Black "Triefeldt, Jack"]
[Result "1-0"]
[WhiteElo "1964"]
[BlackElo "1791"]
[PlyCount "103"]
[EventDate "2010.07.10"]
[EventType "swiss"]
[EventRounds "9"]
[EventCountry "CAN"]

1. e4 e6 2. d4 d5 3. Nd2 c5 4. exd5 exd5 5. Ngf3 Nf6 6. dxc5 Bxc5 7. Nb3 Be7 8.
Bd3 O-O 9. O-O Nc6 10. h3 Be6 11. c3 Ne4 12. Bf4 Bd6 13. Bxd6 Nxd6 14. Nbd4
Nxd4 15. Nxd4 Qf6 16. Qc2 g6 17. Rae1 Rae8 18. Re3 Bd7 19. Rg3 Ne4 20. Rf3 Qg7
21. Bxe4 Rxe4 22. Qb3 Bc6 23. Nxc6 bxc6 24. Qb7 Re6 25. Qxa7 Rfe8 26. a4 Qf8
27. Ra1 Ra8 28. Qd4 Re4 29. Qb6 Qe8 30. b4 Rb8 31. Qc7 Rc8 32. Qb6 Rb8 33. Qa6
Ra8 34. Qf1 Ra7 35. a5 Rae7 36. Qd3 Qa8 37. Rf6 Qb8 38. g3 Qb7 39. a6 Qa8 40.
Ra5 Kg7 41. Rd6 Ra7 42. Qf3 f5 43. Qd3 Kf7 44. b5 cxb5 45. Rxd5 Rxa6 46. Raxb5
Ra1+ 47. Kh2 Re7 48. Qc4 Ra4 49. Rb4 Rxb4 50. cxb4 Kg7 51. Qd4+ Kh6 52. Qh4+
1-0

[Event "CAN-op"]
[Site "Toronto CAN"]
[Date "2010.07.14"]
[Round "6"]
[White "Moran-Venegas, Mario"]
[Black "Picana, Andrew"]
[Result "0-1"]
[WhiteElo "1704"]
[BlackElo "2117"]
[PlyCount "73"]
[EventDate "2010.07.10"]
[EventType "swiss"]
[EventRounds "9"]
[EventCountry "CAN"]

1. e4 c5 2. Nf3 d6 3. d4 cxd4 4. Nxd4 Nf6 5. Nc3 a6 6. Be3 e5 7. Nb3 Be6 8. Be2
Nbd7 9. Qd2 b5 10. a3 Qc7 11. O-O-O Nb6 12. Kb1 Be7 13. f4 O-O 14. f5 Bxb3 15.
cxb3 Qb7 16. Bf3 Rfc8 17. g4 b4 18. axb4 d5 19. Bxb6 Qxb6 20. Nxd5 Nxd5 21.
Qxd5 Qxb4 22. Qxe5 Rc5 23. Rd5 Bf6 24. Rhd1 h6 25. Qd6 Qxb3 26. e5 Rcc8 27.
R5d3 Qc2+ 28. Ka1 Rab8 29. R3d2 Qa4+ 30. Kb1 Bg5 31. Rg2 Rd8 32. Qc7 Rxd1+ 33.
Bxd1 Qxd1+ 34. Ka2 Rb4 35. Rc2 Qd5+ 36. Kb1 Rxg4 37. Qb6 0-1

[Event "CAN-op"]
[Site "Toronto CAN"]
[Date "2010.07.14"]
[Round "6"]
[White "Pechenkin, Vladimir"]
[Black "Bluvshtein, Ilia"]
[Result "1-0"]
[WhiteElo "2432"]
[BlackElo "2216"]
[PlyCount "39"]
[EventDate "2010.07.10"]
[EventType "swiss"]
[EventRounds "9"]
[EventCountry "CAN"]

1. f4 d5 2. Nf3 g6 3. e3 Bg7 4. Be2 c5 5. O-O Nc6 6. d3 Nf6 7. a4 O-O 8. Na3
Qc7 9. Rb1 a6 10. Bd2 Rb8 11. c4 Rd8 12. Qe1 b6 13. b3 e5 14. fxe5 Nxe5 15.
Nxe5 Qxe5 16. Qf2 Rb7 17. b4 cxb4 18. Rxb4 Re8 19. cxd5 Bg4 20. Bxg4 1-0

[Event "CAN-op"]
[Site "Toronto CAN"]
[Date "2010.07.14"]
[Round "6"]
[White "Pentala, Harikrishna"]
[Black "Martchenko, Alexander"]
[Result "1-0"]
[WhiteElo "2678"]
[BlackElo "2382"]
[PlyCount "61"]
[EventDate "2010.07.10"]
[EventType "swiss"]
[EventRounds "9"]
[EventCountry "CAN"]

1. d4 Nf6 2. c4 e6 3. Nc3 Bb4 4. g3 d5 5. Bg2 c6 6. Qb3 Be7 7. Nf3 O-O 8. O-O
Nbd7 9. Rd1 b6 10. Nd2 Bb7 11. e4 dxe4 12. Ndxe4 Qc8 13. Bf4 c5 14. d5 Nxe4 15.
Nxe4 exd5 16. cxd5 Nf6 17. Bg5 Qd7 18. d6 Bd8 19. Nxf6+ Bxf6 20. Bxb7 Qxb7 21.
Bxf6 gxf6 22. Rd5 Qd7 23. Qf3 Kg7 24. Qf4 Qh3 25. d7 Rfd8 26. Rad1 Rab8 27. Rd6
Qh6 28. Qf3 Qg6 29. R1d5 Rb7 30. Rf5 Rbxd7 31. Rdxf6 1-0

[Event "CAN-op"]
[Site "Toronto CAN"]
[Date "2010.07.14"]
[Round "6"]
[White "Posaratnanathan, Roy"]
[Black "Oussedik, Elias"]
[Result "0-1"]
[WhiteElo "1731"]
[BlackElo "2154"]
[PlyCount "108"]
[EventDate "2010.07.10"]
[EventType "swiss"]
[EventRounds "9"]
[EventCountry "CAN"]

1. e4 e6 2. d4 d5 3. Bd3 Nf6 4. e5 Nfd7 5. Nd2 c5 6. c3 Nc6 7. Ndf3 Qb6 8. Ne2
cxd4 9. cxd4 g6 10. O-O Bg7 11. Be3 Qxb2 12. Rb1 Qa3 13. Nf4 O-O 14. Ng5 Qe7
15. Nxh7 Kxh7 16. Qh5+ Kg8 17. Nxg6 fxg6 18. Bxg6 Bxe5 19. dxe5 Ncxe5 20. Rb3
Rf6 21. Bc2 Qf7 22. Qh3 Ng6 23. Bh6 Nc5 24. Rg3 d4 25. Bg5 e5 26. Qh6 Qg7 27.
Qxg7+ Kxg7 28. Bxf6+ Kxf6 29. Rxg6+ Kf7 30. Rd6 Be6 31. Bb3 Nxb3 32. axb3 Ke7
33. Rxe6+ Kxe6 34. Rc1 a5 35. Kf1 b5 36. Ke2 Kd5 37. f3 a4 38. bxa4 bxa4 39.
Kd3 a3 40. Ra1 a2 41. h4 Ra3+ 42. Kd2 Kc4 43. h5 e4 44. h6 e3+ 45. Ke2 Kb3 46.
h7 Ra8 47. Rh1 Kc2 48. g4 Re8 49. Ra1 d3+ 50. Kf1 Kb2 51. g5 Kxa1 52. g6 e2+
53. Kg2 e1=Q 54. g7 Re2+ 0-1

[Event "CAN-op"]
[Site "Toronto CAN"]
[Date "2010.07.14"]
[Round "6"]
[White "Sly, Douglas"]
[Black "Leblanc, Paul"]
[Result "1/2-1/2"]
[WhiteElo "1628"]
[BlackElo "1907"]
[PlyCount "53"]
[EventDate "2010.07.10"]
[EventType "swiss"]
[EventRounds "9"]
[EventCountry "CAN"]

1. e4 c6 2. d3 d5 3. Be2 e5 4. f4 exf4 5. Nf3 dxe4 6. dxe4 Qxd1+ 7. Kxd1 Bg4 8.
Bxf4 Nd7 9. Ng5 Bxe2+ 10. Kxe2 h6 11. Nf3 Ngf6 12. Nbd2 Bc5 13. Ne5 O-O 14.
Nxd7 Nxd7 15. Rad1 Rfe8 16. Kf3 Nf6 17. Rhe1 Rad8 18. Be3 Bxe3 19. Rxe3 Nd7 20.
h3 Ne5+ 21. Ke2 Ng6 22. g3 Re7 23. Nc4 Rxd1 24. Kxd1 b5 25. Nd2 Ne5 26. b3 Nd7
27. Ke2 1/2-1/2

[Event "CAN-op"]
[Site "Toronto CAN"]
[Date "2010.07.14"]
[Round "6"]
[White "Supsup, Ferdinand"]
[Black "Egorov, Mikhail"]
[Result "0-1"]
[WhiteElo "1851"]
[BlackElo "2179"]
[PlyCount "70"]
[EventDate "2010.07.10"]
[EventType "swiss"]
[EventRounds "9"]
[EventCountry "CAN"]

1. d4 c5 2. Nf3 cxd4 3. Nxd4 d5 4. e3 e5 5. Nb3 Be6 6. Bb5+ Nc6 7. O-O Nf6 8.
Bd2 Bd6 9. Na5 Qc7 10. Nxc6 bxc6 11. Be2 O-O 12. h3 Rab8 13. Bc1 e4 14. Nd2
Rfd8 15. Nb3 Qe7 16. Nd4 Bd7 17. f4 exf3 18. Nxf3 Ne4 19. Bd3 h6 20. b3 Qf6 21.
Bd2 Bxh3 22. Bxe4 dxe4 23. Nd4 Qe5 24. Rf4 Bd7 25. Rh4 c5 26. Ne2 Qg5 27. Rh1
Bg4 28. Qe1 Bf3 29. Qf2 Be5 30. Rd1 Rd6 31. Kf1 Bxe2+ 32. Qxe2 Rbd8 33. Rh3 Bc3
34. Rh5 Qf6+ 35. Ke1 Bxd2+ 0-1

[Event "CAN-op"]
[Site "Toronto CAN"]
[Date "2010.07.14"]
[Round "6"]
[White "Twesigye, Derick"]
[Black "MacKinnon, Keith"]
[Result "0-1"]
[WhiteElo "1990"]
[BlackElo "2280"]
[PlyCount "108"]
[EventDate "2010.07.10"]
[EventType "swiss"]
[EventRounds "9"]
[EventCountry "CAN"]

1. e4 c5 2. Nf3 e6 3. d4 cxd4 4. Nxd4 a6 5. Bd3 Nf6 6. O-O Qc7 7. Qf3 Nc6 8.
Nxc6 bxc6 9. Re1 Be7 10. e5 Nd5 11. a3 d6 12. c4 Nb6 13. Qg3 Kf8 14. Bf4 d5 15.
Nd2 h6 16. Rac1 Qd8 17. Nf3 a5 18. c5 Nd7 19. b4 axb4 20. axb4 Ra3 21. Red1 Ba6
22. Bxa6 Rxa6 23. Nd4 Qa8 24. Be3 Ra3 25. f4 g6 26. Rf1 Kg7 27. Rf3 Kh7 28.
Rcf1 Bf8 29. Qh3 Bg7 30. g4 Rd3 31. Bf2 Rxf3 32. Qxf3 Rb8 33. Qc3 Qa4 34. Nc2
Qb5 35. Bd4 Qe2 36. h3 Ra8 37. Rf2 Qa6 38. Kg2 Qa4 39. Rf1 Qb5 40. Rf2 Nb8 41.
Kh2 Na6 42. f5 Rb8 43. fxg6+ fxg6 44. Rf7 Nxb4 45. Nxb4 Qxb4 46. Qf3 Rg8 47.
Qf4 Kh8 48. h4 Qe1 49. Kh3 Ra8 50. Qf2 Ra3+ 51. Kh2 Qb1 52. Qg1 Qd3 53. Qf2
Qh3+ 54. Kg1 Rg3+ 0-1